[Event "Blitz 2018"]
[Site "Saint-Petersburg"]
[Date "2018.12.30"]
[Round "17"]
[Board "69"]
[White "Oganian Miran (RUS)"]
[Black "Tukhaev Adam (UKR)"]
[Result "0-1"]
[LiveChessVersion "1.4.8"]
[BlackElo "2529"]
[WhiteElo "2326"]

1. b3 {[%clk 0:03:03]} g6 {[%clk 0:03:02]} 2. Bb2 {[%clk 0:03:04]} Nf6
{[%clk 0:03:03]} 3. Bxf6 {[%clk 0:03:05]} exf6 {[%clk 0:03:04]} 4. d4
{[%clk 0:03:06]} f5 {[%clk 0:03:02]} 5. e3 {[%clk 0:03:07]} a5 {[%clk 0:02:57]}
6. Nd2 {[%clk 0:02:51]} a4 {[%clk 0:02:57]} 7. c3 {[%clk 0:02:49]} d5
{[%clk 0:02:53]} 8. g3 {[%clk 0:02:48]} c6 {[%clk 0:02:50]} 9. Ne2
{[%clk 0:02:40]} Nd7 {[%clk 0:02:51]} 10. Bg2 {[%clk 0:02:40]} Nf6
{[%clk 0:02:51]} 11. O-O {[%clk 0:02:39]} Bd6 {[%clk 0:02:51]} 12. Qc2
{[%clk 0:02:33]} O-O {[%clk 0:02:51]} 13. c4 {[%clk 0:02:32]} Qa5
{[%clk 0:02:47]} 14. c5 {[%clk 0:01:39]} Be7 {[%clk 0:02:25]} 15. Rab1
{[%clk 0:01:12]} f4 {[%clk 0:02:26]} 16. Nxf4 {[%clk 0:01:01]} Bf5
{[%clk 0:02:27]} 17. e4 {[%clk 0:01:02]} dxe4 {[%clk 0:02:24]} 18. Nxe4
{[%clk 0:00:33]} Rfd8 {[%clk 0:02:25]} 19. Rbd1 {[%clk 0:00:28]} axb3
{[%clk 0:02:26]} 20. axb3 {[%clk 0:00:29]} Qb4 {[%clk 0:02:19]} 21. Ne2
{[%clk 0:00:14]} Ra3 {[%clk 0:02:13]} 22. Nxf6+ {[%clk 0:00:09]} Bxf6
{[%clk 0:02:13]} 23. Be4 {[%clk 0:00:09]} Bxe4 {[%clk 0:02:08]} 24. Qxe4
{[%clk 0:00:10]} Rxb3 {[%clk 0:02:09]} 25. h4 {[%clk 0:00:05]} h5
{[%clk 0:02:02]} 26. Kg2 {[%clk 0:00:06]} Rb2 {[%clk 0:02:00]} 27. Rd3
{[%clk 0:00:07]} Kg7 {[%clk 0:02:01]} 28. Rfd1 {[%clk 0:00:06]} Qc4
{[%clk 0:02:00]} 29. Re3 {[%clk 0:00:05]} Rd5 {[%clk 0:01:37]} 30. Kf1
{[%clk 0:00:05]} Rf5 {[%clk 0:01:38]} 31. Rf3 {[%clk 0:00:06]} Rxf3
{[%clk 0:01:32]} 32. Qxf3 {[%clk 0:00:07]} Qa2 {[%clk 0:01:24]} 33. Nf4
{[%clk 0:00:06]} Rd2 {[%clk 0:01:16]} 34. Rxd2 {[%clk 0:00:04]} Qxd2
{[%clk 0:01:17]} 35. d5 {[%clk 0:00:04]} Qc1+ {[%clk 0:01:17]} 36. Kg2
{[%clk 0:00:04]} Qxc5 {[%clk 0:01:18]} 37. dxc6 {[%clk 0:00:04]} bxc6
{[%clk 0:01:08]} 38. Kh2 {[%clk 0:00:05]} Qd6 {[%clk 0:01:05]} 39. Nd3
{[%clk 0:00:04]} Bd4 {[%clk 0:01:05]} 40. Qe4 {[%clk 0:00:03]} c5
{[%clk 0:01:05]} 41. Kg2 {[%clk 0:00:04]} c4 {[%clk 0:01:05]} 42. Nf4
{[%clk 0:00:05]} c3 {[%clk 0:01:03]} 43. Nd5 {[%clk 0:00:05]} Qc5
{[%clk 0:00:52]} 44. Nf4 {[%clk 0:00:03]} Qe5 {[%clk 0:00:39]} 45. Qd3
{[%clk 0:00:04]} Bc5 {[%clk 0:00:38]} 46. Qc2 {[%clk 0:00:04]} Qd4
{[%clk 0:00:38]} 47. Nd3 {[%clk 0:00:04]} Bb6 {[%clk 0:00:40]} 48. Nf4
{[%clk 0:00:04]} Qc5 {[%clk 0:00:38]} 49. Nd3 {[%clk 0:00:05]} Qc6+
{[%clk 0:00:38]} 50. Kh2 {[%clk 0:00:06]} Bd4 {[%clk 0:00:39]} 51. Nf4
{[%clk 0:00:06]} Qf3 {[%clk 0:00:40]} 52. Nd3 {[%clk 0:00:05]} Kg8
{[%clk 0:00:41]} 53. Qb1 {[%clk 0:00:04]} Qe2 {[%clk 0:00:41]} 54. Kg2
{[%clk 0:00:05]} c2 {[%clk 0:00:40]} 55. Qb8+ {[%clk 0:00:06]} Kg7
{[%clk 0:00:41]} 56. Qb5 {[%clk 0:00:03]} c1=Q {[%clk 0:00:33]} 0-1

[Event "Blitz 2018"]
[Site "Saint-Petersburg"]
[Date "2018.12.30"]
[Round "17"]
[Board "71"]
[White "Makarov Marat (RUS)"]
[Black "Piorun Kacper (POL)"]
[Result "1/2-1/2"]
[LiveChessVersion "1.4.8"]
[BlackElo "2646"]
[WhiteElo "2505"]

1. d4 {[%clk 0:03:01]} e6 {[%clk 0:03:04]} 2. c4 {[%clk 0:03:01]} d5
{[%clk 0:03:05]} 3. Nf3 {[%clk 0:03:00]} Nf6 {[%clk 0:03:05]} 4. g3
{[%clk 0:03:01]} Bb4+ {[%clk 0:03:05]} 5. Nc3 {[%clk 0:03:01]} dxc4
{[%clk 0:02:59]} 6. Bg2 {[%clk 0:03:02]} O-O {[%clk 0:02:59]} 7. O-O
{[%clk 0:03:02]} Nd5 {[%clk 0:02:49]} 8. Qc2 {[%clk 0:03:02]} Nc6
{[%clk 0:02:23]} 9. e3 {[%clk 0:02:58]} a6 {[%clk 0:02:18]} 10. Rd1
{[%clk 0:02:34]} b5 {[%clk 0:02:17]} 11. e4 {[%clk 0:02:34]} Nxc3
{[%clk 0:01:46]} 12. bxc3 {[%clk 0:02:35]} Bd6 {[%clk 0:01:47]} 13. Ng5
{[%clk 0:01:46]} e5 {[%clk 0:01:47]} 14. d5 {[%clk 0:01:45]} Ne7 {[%clk 0:01:45]}
15. f4 {[%clk 0:01:46]} Bg4 {[%clk 0:01:26]} 16. Rf1 {[%clk 0:01:43]} h6
{[%clk 0:01:25]} 17. Nf3 {[%clk 0:01:43]} Bxf3 {[%clk 0:01:25]} 18. Bxf3
{[%clk 0:01:42]} c6 {[%clk 0:01:03]} 19. dxc6 {[%clk 0:01:43]} Nxc6
{[%clk 0:01:04]} 20. f5 {[%clk 0:01:43]} Be7 {[%clk 0:01:05]} 21. h4
{[%clk 0:01:43]} Bf6 {[%clk 0:01:00]} 22. Be3 {[%clk 0:01:39]} Qe7
{[%clk 0:00:57]} 23. Qf2 {[%clk 0:01:40]} Rfd8 {[%clk 0:00:58]} 24. Bc5
{[%clk 0:01:40]} Qe8 {[%clk 0:00:59]} 25. g4 {[%clk 0:01:40]} Be7
{[%clk 0:00:59]} 26. Be3 {[%clk 0:01:41]} f6 {[%clk 0:01:01]} 27. g5
{[%clk 0:01:41]} fxg5 {[%clk 0:00:56]} 28. hxg5 {[%clk 0:01:42]} Bxg5
{[%clk 0:00:57]} 29. Bxg5 {[%clk 0:01:43]} hxg5 {[%clk 0:00:58]} 30. Kg2
{[%clk 0:01:44]} Qd7 {[%clk 0:00:52]} 31. Rad1 {[%clk 0:01:45]} Qe7
{[%clk 0:00:54]} 32. Rd5 {[%clk 0:01:45]} Rxd5 {[%clk 0:00:49]} 33. exd5
{[%clk 0:01:46]} e4 {[%clk 0:00:50]} 34. dxc6 {[%clk 0:01:43]} exf3+
{[%clk 0:00:52]} 35. Qxf3 {[%clk 0:01:44]} Rd8 {[%clk 0:00:52]} 36. Rd1
{[%clk 0:01:40]} Rd6 {[%clk 0:00:35]} 37. Rxd6 {[%clk 0:01:38]} Qxd6
{[%clk 0:00:36]} 38. Qe4 {[%clk 0:01:38]} Kf7 {[%clk 0:00:37]} 39. Kf3
{[%clk 0:01:35]} Qd1+ {[%clk 0:00:37]} 40. Kg3 {[%clk 0:01:34]} Qg1+
{[%clk 0:00:33]} 41. Kh3 {[%clk 0:01:27]} Qf1+ {[%clk 0:00:25]} 42. Kg4
{[%clk 0:01:23]} Qg1+ {[%clk 0:00:23]} 43. Kh5 {[%clk 0:01:22]} Qh2+
{[%clk 0:00:23]} 44. Kxg5 {[%clk 0:01:22]} Qg3+ {[%clk 0:00:24]} 45. Kh5
{[%clk 0:01:23]} Qh3+ {[%clk 0:00:21]} 46. Kg5 {[%clk 0:01:23]} Qg3+
{[%clk 0:00:21]} 47. Kh5 {[%clk 0:01:15]} Qd6 {[%clk 0:00:15]} 48. Kg4
{[%clk 0:01:14]} Qd1+ {[%clk 0:00:11]} 49. Kg3 {[%clk 0:01:15]} Qg1+
{[%clk 0:00:11]} 50. Kh3 {[%clk 0:01:15]} Qf1+ {[%clk 0:00:12]} 51. Kg3
{[%clk 0:01:17]} Qg1+ {[%clk 0:00:13]} 52. Kh3 {[%clk 0:01:18]} Qf1+
{[%clk 0:00:06]} 53. Kg3 {[%clk 0:01:19]} Qg1+ {[%clk 0:00:06]} 1/2-1/2

[Event "Blitz 2018"]
[Site "Saint-Petersburg"]
[Date "2018.12.30"]
[Round "17"]
[Board "72"]
[White "Demidov Mikhail (RUS)"]
[Black "Abdusattorov Nodirbek (UZB)"]
[Result "1/2-1/2"]
[LiveChessVersion "1.4.8"]
[BlackElo "2469"]
[WhiteElo "2546"]

1. Nf3 {[%clk 0:03:03]} Nf6 {[%clk 0:03:03]} 2. g3 {[%clk 0:03:05]} d5
{[%clk 0:03:01]} 3. Bg2 {[%clk 0:03:05]} c6 {[%clk 0:03:02]} 4. O-O
{[%clk 0:03:05]} Bg4 {[%clk 0:03:03]} 5. h3 {[%clk 0:03:04]} Bxf3
{[%clk 0:03:02]} 6. Bxf3 {[%clk 0:03:05]} e6 {[%clk 0:03:04]} 7. Bg2
{[%clk 0:03:05]} Be7 {[%clk 0:03:03]} 8. d3 {[%clk 0:03:01]} O-O {[%clk 0:03:02]}
9. Qe1 {[%clk 0:02:59]} Nbd7 {[%clk 0:02:44]} 10. e4 {[%clk 0:02:59]} Nc5
{[%clk 0:02:40]} 11. Qe2 {[%clk 0:02:52]} dxe4 {[%clk 0:02:34]} 12. dxe4
{[%clk 0:02:52]} e5 {[%clk 0:02:36]} 13. Nd2 {[%clk 0:02:39]} Qc7
{[%clk 0:02:28]} 14. a4 {[%clk 0:02:39]} Rad8 {[%clk 0:02:20]} 15. Nc4
{[%clk 0:02:40]} Ne6 {[%clk 0:02:15]} 16. c3 {[%clk 0:02:36]} Nd7
{[%clk 0:02:15]} 17. b4 {[%clk 0:02:27]} Rfe8 {[%clk 0:01:40]} 18. h4
{[%clk 0:02:18]} b6 {[%clk 0:01:40]} 19. Bh3 {[%clk 0:02:10]} Bf8
{[%clk 0:01:36]} 20. Be3 {[%clk 0:01:55]} Nf6 {[%clk 0:01:34]} 21. Bg2
{[%clk 0:01:55]} Rd7 {[%clk 0:01:26]} 22. Rfd1 {[%clk 0:01:52]} Red8
{[%clk 0:01:26]} 23. Rxd7 {[%clk 0:01:46]} Rxd7 {[%clk 0:01:23]} 24. Rd1
{[%clk 0:01:47]} b5 {[%clk 0:01:18]} 25. Nb2 {[%clk 0:01:02]} a6 {[%clk 0:01:19]}
26. Rxd7 {[%clk 0:00:57]} Nxd7 {[%clk 0:01:16]} 27. Qd1 {[%clk 0:00:49]} Nf6
{[%clk 0:01:03]} 28. Qd3 {[%clk 0:00:46]} h5 {[%clk 0:00:58]} 29. Bh3
{[%clk 0:00:41]} Ng4 {[%clk 0:00:44]} 30. Bxg4 {[%clk 0:00:32]} hxg4
{[%clk 0:00:45]} 31. Qe2 {[%clk 0:00:33]} a5 {[%clk 0:00:30]} 32. axb5
{[%clk 0:00:28]} cxb5 {[%clk 0:00:31]} 33. bxa5 {[%clk 0:00:24]} Qxa5
{[%clk 0:00:28]} 34. Nd1 {[%clk 0:00:23]} Qa4 {[%clk 0:00:17]} 35. Qxg4
{[%clk 0:00:21]} Qc2 {[%clk 0:00:18]} 36. Qf3 {[%clk 0:00:19]} Bc5
{[%clk 0:00:17]} 37. Bg5 {[%clk 0:00:12]} f6 {[%clk 0:00:15]} 38. Qg4
{[%clk 0:00:13]} Kf7 {[%clk 0:00:09]} 39. Be3 {[%clk 0:00:14]} Bxe3
{[%clk 0:00:06]} 40. Nxe3 {[%clk 0:00:15]} Qxc3 {[%clk 0:00:07]} 41. Qh5+
{[%clk 0:00:16]} Kf8 {[%clk 0:00:07]} 42. Qh8+ {[%clk 0:00:16]} Kf7
{[%clk 0:00:08]} 43. Qb8 {[%clk 0:00:15]} Qc1+ {[%clk 0:00:07]} 44. Kg2
{[%clk 0:00:16]} Qc6 {[%clk 0:00:08]} 45. Nd5 {[%clk 0:00:13]} Nc5
{[%clk 0:00:08]} 46. Qa7+ {[%clk 0:00:12]} Nd7 {[%clk 0:00:09]} 47. f3
{[%clk 0:00:09]} f5 {[%clk 0:00:10]} 48. Nb6 {[%clk 0:00:05]} Ke8
{[%clk 0:00:05]} 49. Nd5 {[%clk 0:00:04]} fxe4 {[%clk 0:00:05]} 50. fxe4
{[%clk 0:00:05]} Qc2+ {[%clk 0:00:07]} 51. Kf3 {[%clk 0:00:05]} Qd3+
{[%clk 0:00:08]} 52. Ne3 {[%clk 0:00:06]} Nf6 {[%clk 0:00:08]} 53. Qb8+
{[%clk 0:00:07]} Kf7 {[%clk 0:00:09]} 54. Qxe5 {[%clk 0:00:07]} b4
{[%clk 0:00:06]} 55. Qc7+ {[%clk 0:00:04]} Kg6 {[%clk 0:00:07]} 56. Qc4
{[%clk 0:00:05]} Qxc4 {[%clk 0:00:04]} 57. Nxc4 b3 58. g4 {[%clk 0:00:06]} Nd7
{[%clk 0:00:06]} 59. Kf4 {[%clk 0:00:07]} Nb6 {[%clk 0:00:06]} 60. Nb2
{[%clk 0:00:06]} Nd7 {[%clk 0:00:06]} 61. e5 Nc5 62. h5+ {[%clk 0:00:06]} Kf7
{[%clk 0:00:07]} 63. Kf5 {[%clk 0:00:07]} Ne6 {[%clk 0:00:09]} 64. g5
{[%clk 0:00:08]} Nd4+ {[%clk 0:00:10]} 65. Ke4 {[%clk 0:00:09]} Ne6
{[%clk 0:00:11]} 66. g6+ {[%clk 0:00:10]} Ke7 {[%clk 0:00:11]} 67. Nc4
{[%clk 0:00:10]} Nc5+ {[%clk 0:00:11]} 68. Kd4 {[%clk 0:00:09]} Ne6+
{[%clk 0:00:12]} 69. Ke3 {[%clk 0:00:08]} Nc5 {[%clk 0:00:11]} 70. Kd4
{[%clk 0:00:09]} Ne6+ {[%clk 0:00:13]} 71. Kc3 {[%clk 0:00:09]} Nf4
{[%clk 0:00:12]} 72. Kxb3 {[%clk 0:00:05]} Nxh5 {[%clk 0:00:13]} 73. Kc3
{[%clk 0:00:06]} Nf4 {[%clk 0:00:14]} 74. Kd4 {[%clk 0:00:06]} Nxg6
{[%clk 0:00:14]} 75. Ke4 {[%clk 0:00:08]} Ke6 {[%clk 0:00:15]} 76. Kd4
{[%clk 0:00:07]} Ne7 {[%clk 0:00:15]} 77. Ke4 {[%clk 0:00:07]} g5
{[%clk 0:00:15]} 78. Ne3 {[%clk 0:00:08]} Nc6 {[%clk 0:00:13]} 79. Ng4
{[%clk 0:00:08]} Nd8 {[%clk 0:00:13]} 80. Ne3 {[%clk 0:00:07]} Nf7
{[%clk 0:00:12]} 81. Ng4 {[%clk 0:00:08]} Nh8 {[%clk 0:00:14]} 82. Ne3
{[%clk 0:00:08]} Ng6 {[%clk 0:00:15]} 83. Ng4 {[%clk 0:00:09]} Nf4
{[%clk 0:00:16]} 84. Ne3 {[%clk 0:00:09]} Nh5 {[%clk 0:00:16]} 85. Ng4
{[%clk 0:00:10]} Ng3+ {[%clk 0:00:17]} 86. Kf3 {[%clk 0:00:11]} Nf5
{[%clk 0:00:17]} 87. Ke4 {[%clk 0:00:13]} Ne7 {[%clk 0:00:17]} 88. Nf6
{[%clk 0:00:13]} Nc6 {[%clk 0:00:18]} 89. Ng4 {[%clk 0:00:13]} Nd8
{[%clk 0:00:15]} 90. Nh6 {[%clk 0:00:11]} Nb7 {[%clk 0:00:16]} 91. Ng4
{[%clk 0:00:10]} Nc5+ {[%clk 0:00:17]} 92. Kd4 {[%clk 0:00:12]} Nd7
{[%clk 0:00:07]} 93. Ke4 Kxe5+ 1/2-1/2

[Event "Blitz 2018"]
[Site "Saint-Petersburg"]
[Date "2018.12.30"]
[Round "17"]
[Board "73"]
[White "Bilguun Sumiya (MGL)"]
[Black "Anisimov Pavel (RUS)"]
[Result "1-0"]
[LiveChessVersion "1.4.8"]
[BlackElo "2519"]
[WhiteElo "2469"]

1. e4 {[%clk 0:03:03]} c5 {[%clk 0:03:03]} 2. Nf3 {[%clk 0:03:04]} d6
{[%clk 0:03:05]} 3. c3 {[%clk 0:03:04]} Nf6 {[%clk 0:03:04]} 4. Be2
{[%clk 0:03:06]} Nc6 {[%clk 0:02:59]} 5. d4 {[%clk 0:03:07]} cxd4
{[%clk 0:02:36]} 6. cxd4 {[%clk 0:03:08]} Bg4 {[%clk 0:02:28]} 7. Nc3
{[%clk 0:02:59]} d5 {[%clk 0:02:14]} 8. exd5 {[%clk 0:02:55]} Nxd5
{[%clk 0:02:14]} 9. Qb3 {[%clk 0:02:51]} Nxc3 {[%clk 0:01:51]} 10. bxc3
{[%clk 0:02:49]} Qc7 {[%clk 0:01:32]} 11. Ng5 {[%clk 0:02:41]} Be6
{[%clk 0:00:58]} 12. Nxe6 {[%clk 0:02:42]} fxe6 {[%clk 0:00:59]} 13. Qxe6
{[%clk 0:02:36]} Qd6 {[%clk 0:00:57]} 14. Qh3 {[%clk 0:02:29]} g6
{[%clk 0:00:44]} 15. O-O {[%clk 0:02:29]} Bg7 {[%clk 0:00:44]} 16. Bc4
{[%clk 0:02:30]} Na5 {[%clk 0:00:38]} 17. Be6 {[%clk 0:02:21]} Qc6
{[%clk 0:00:29]} 18. Re1 {[%clk 0:02:04]} Bf6 {[%clk 0:00:30]} 19. Ba3
{[%clk 0:02:00]} Nc4 {[%clk 0:00:24]} 20. Bb4 {[%clk 0:01:50]} a5
{[%clk 0:00:22]} 21. Bc5 {[%clk 0:01:51]} b6 {[%clk 0:00:17]} 22. Bxc4
{[%clk 0:01:51]} bxc5 {[%clk 0:00:18]} 23. Rab1 {[%clk 0:01:52]} Qd6
{[%clk 0:00:06]} 24. Qf3 {[%clk 0:01:49]} Rd8 {[%clk 0:00:05]} 25. Re6
{[%clk 0:01:49]} Qc7 {[%clk 0:00:04]} 26. Qxf6 {[%clk 0:01:46]} cxd4
{[%clk 0:00:04]} 27. Qxh8+ {[%clk 0:01:46]} Kd7 {[%clk 0:00:05]} 28. Qxd4+ Ke8
1-0

[Event "Blitz 2018"]
[Site "Saint-Petersburg"]
[Date "2018.12.30"]
[Round "17"]
[Board "74"]
[White "Tregubov Pavel V. (RUS)"]
[Black "Danielyan Vahe (ARM)"]
[Result "0-1"]
[LiveChessVersion "1.4.8"]
[BlackElo "2417"]
[WhiteElo "2516"]

1. d4 {[%clk 0:03:03]} Nf6 2. c4 c5 {[%clk 0:03:05]} 3. d5 {[%clk 0:03:05]} g6
{[%clk 0:03:05]} 4. Nc3 {[%clk 0:03:06]} Bg7 {[%clk 0:03:06]} 5. e4
{[%clk 0:03:08]} d6 {[%clk 0:03:08]} 6. h3 {[%clk 0:03:09]} O-O {[%clk 0:03:08]}
7. Bd3 {[%clk 0:03:10]} a6 {[%clk 0:03:09]} 8. a4 {[%clk 0:03:09]} e5
{[%clk 0:03:10]} 9. Nge2 {[%clk 0:03:05]} b6 {[%clk 0:03:06]} 10. O-O
{[%clk 0:03:04]} Ra7 {[%clk 0:03:07]} 11. Rb1 {[%clk 0:03:02]} Re7
{[%clk 0:03:03]} 12. b4 {[%clk 0:02:57]} Nbd7 {[%clk 0:03:03]} 13. Be3
{[%clk 0:02:57]} Ne8 {[%clk 0:02:55]} 14. a5 {[%clk 0:02:57]} cxb4
{[%clk 0:02:53]} 15. Rxb4 {[%clk 0:02:58]} bxa5 {[%clk 0:02:54]} 16. Ra4
{[%clk 0:02:54]} f5 {[%clk 0:02:54]} 17. f3 {[%clk 0:02:46]} Ref7
{[%clk 0:02:37]} 18. Ra3 {[%clk 0:02:41]} Nc5 {[%clk 0:02:11]} 19. Bc2
{[%clk 0:02:42]} fxe4 {[%clk 0:02:12]} 20. Nxe4 {[%clk 0:02:41]} Nxe4
{[%clk 0:02:13]} 21. Bxe4 {[%clk 0:02:40]} Bf5 {[%clk 0:02:15]} 22. Nc3
{[%clk 0:02:35]} Nf6 {[%clk 0:02:15]} 23. Bxf5 {[%clk 0:02:28]} gxf5
{[%clk 0:02:16]} 24. c5 {[%clk 0:02:29]} dxc5 {[%clk 0:02:11]} 25. Bxc5 Re8 26.
d6 {[%clk 0:02:23]} Nd7 {[%clk 0:02:08]} 27. Bf2 {[%clk 0:02:20]} Bf8
{[%clk 0:02:00]} 28. Qd2 {[%clk 0:02:02]} Re6 {[%clk 0:01:47]} 29. Qa2
{[%clk 0:01:47]} Rxd6 {[%clk 0:01:43]} 30. Rxa5 {[%clk 0:01:48]} Qf6
{[%clk 0:01:26]} 31. Nd5 {[%clk 0:01:43]} Qg6 {[%clk 0:01:22]} 32. Ra1
{[%clk 0:01:35]} Kh8 {[%clk 0:01:11]} 33. Bh4 {[%clk 0:01:27]} Rg7
{[%clk 0:01:05]} 34. Qf2 {[%clk 0:01:20]} Rc6 {[%clk 0:01:03]} 35. Rd1
{[%clk 0:01:05]} h6 {[%clk 0:00:43]} 36. Kh1 {[%clk 0:01:06]} Kh7
{[%clk 0:00:41]} 37. Ra2 {[%clk 0:01:06]} e4 {[%clk 0:00:39]} 38. Nf4
{[%clk 0:00:58]} Qf7 {[%clk 0:00:34]} 39. fxe4 fxe4 {[%clk 0:00:35]} 40. Re2
{[%clk 0:00:44]} Bc5 {[%clk 0:00:35]} 41. Qf1 {[%clk 0:00:41]} e3
{[%clk 0:00:36]} 42. Rc2 {[%clk 0:00:33]} Qf5 {[%clk 0:00:37]} 43. Qd3
{[%clk 0:00:26]} Qxd3 {[%clk 0:00:38]} 44. Nxd3 {[%clk 0:00:27]} Rf7
{[%clk 0:00:33]} 45. Nxc5 {[%clk 0:00:23]} Nxc5 {[%clk 0:00:32]} 46. Re1
{[%clk 0:00:09]} Rf4 {[%clk 0:00:29]} 47. Bg3 {[%clk 0:00:09]} Re4
{[%clk 0:00:30]} 48. Rc3 {[%clk 0:00:09]} e2 {[%clk 0:00:29]} 49. Rc2
{[%clk 0:00:07]} Rg6 {[%clk 0:00:25]} 50. Bf2 {[%clk 0:00:05]} Nd3
{[%clk 0:00:26]} 51. Rexe2 {[%clk 0:00:06]} Rxe2 {[%clk 0:00:15]} 52. Rxe2
{[%clk 0:00:07]} Rc6 {[%clk 0:00:14]} 53. Re7+ {[%clk 0:00:05]} Kg6
{[%clk 0:00:15]} 54. Bd4 {[%clk 0:00:05]} h5 {[%clk 0:00:14]} 55. Kh2
{[%clk 0:00:05]} a5 {[%clk 0:00:12]} 56. Ra7 {[%clk 0:00:06]} Rc4
{[%clk 0:00:12]} 57. Ra6+ {[%clk 0:00:07]} Kf7 {[%clk 0:00:12]} 58. Be3
{[%clk 0:00:04]} a4 {[%clk 0:00:14]} 59. Bd2 {[%clk 0:00:05]} h4 {[%clk 0:00:14]}
60. Ra7+ {[%clk 0:00:04]} Ke6 {[%clk 0:00:15]} 61. Ra5 {[%clk 0:00:05]} Nc5
{[%clk 0:00:14]} 62. Bg5 {[%clk 0:00:06]} Nb3 {[%clk 0:00:13]} 63. Ra6+
{[%clk 0:00:07]} Kf5 {[%clk 0:00:14]} 64. Be7 {[%clk 0:00:08]} Nd2
{[%clk 0:00:14]} 65. Rh6 {[%clk 0:00:08]} Nf1+ {[%clk 0:00:08]} 66. Kg1
{[%clk 0:00:09]} Ng3 {[%clk 0:00:06]} 67. Kf2 {[%clk 0:00:10]} Ne4+
{[%clk 0:00:07]} 68. Ke3 {[%clk 0:00:11]} Nc3 {[%clk 0:00:05]} 69. Kd3
{[%clk 0:00:12]} Rc8 {[%clk 0:00:05]} 70. Rxh4 {[%clk 0:00:11]} Nd5
{[%clk 0:00:07]} 71. Rh5+ {[%clk 0:00:10]} Ke6 {[%clk 0:00:08]} 72. Bg5
{[%clk 0:00:09]} a3 {[%clk 0:00:07]} 73. Rh6+ {[%clk 0:00:10]} Kf5
{[%clk 0:00:08]} 74. Ra6 {[%clk 0:00:11]} Nb4+ {[%clk 0:00:09]} 75. Kd4 Ke5+ 0-1

[Event "Blitz 2018"]
[Site "Saint-Petersburg"]
[Date "2018.12.30"]
[Round "17"]
[Board "75"]
[White "Belyakov Bogdan (RUS)"]
[Black "Drygalov Andrey (RUS)"]
[Result "0-1"]
[LiveChessVersion "1.4.8"]
[BlackElo "2509"]
[WhiteElo "2448"]

1. e4 {[%clk 0:03:03]} c5 {[%clk 0:03:03]} 2. c3 {[%clk 0:03:05]} d6
{[%clk 0:02:57]} 3. d4 {[%clk 0:03:05]} Nf6 {[%clk 0:02:58]} 4. Bd3
{[%clk 0:03:07]} g6 {[%clk 0:02:52]} 5. Nf3 {[%clk 0:03:07]} Bg7 {[%clk 0:02:53]}
6. O-O {[%clk 0:03:05]} O-O {[%clk 0:02:53]} 7. Re1 {[%clk 0:03:06]} Bg4
{[%clk 0:02:48]} 8. h3 {[%clk 0:03:06]} Bxf3 {[%clk 0:02:49]} 9. Qxf3
{[%clk 0:03:07]} Nc6 {[%clk 0:02:47]} 10. e5 {[%clk 0:03:03]} dxe5
{[%clk 0:02:37]} 11. dxc5 {[%clk 0:03:01]} Nd7 {[%clk 0:02:27]} 12. b4
{[%clk 0:02:55]} f5 {[%clk 0:02:16]} 13. Bc4+ {[%clk 0:02:24]} Kh8
{[%clk 0:02:17]} 14. Rd1 {[%clk 0:02:24]} e4 {[%clk 0:02:10]} 15. Qg3
{[%clk 0:02:25]} Nce5 {[%clk 0:01:44]} 16. Be6 {[%clk 0:02:24]} Nd3
{[%clk 0:01:44]} 17. Be3 {[%clk 0:02:17]} f4 {[%clk 0:01:38]} 18. Bxf4
{[%clk 0:02:14]} Nxf4 {[%clk 0:01:38]} 19. Qg4 {[%clk 0:01:42]} h5
{[%clk 0:01:28]} 20. Qg5 {[%clk 0:01:43]} Nxe6 {[%clk 0:01:12]} 21. Qxg6
{[%clk 0:01:42]} Nf4 {[%clk 0:00:58]} 22. Qg5 {[%clk 0:01:24]} e5
{[%clk 0:00:52]} 0-1

[Event "Blitz 2018"]
[Site "Saint-Petersburg"]
[Date "2018.12.30"]
[Round "17"]
[Board "76"]
[White "Drygalov Sergey (RUS)"]
[Black "Postny Evgeny (ISR)"]
[Result "1-0"]
[LiveChessVersion "1.4.8"]
[BlackElo "2657"]
[WhiteElo "2428"]

1. d4 {[%clk 0:03:03]} d5 {[%clk 0:03:03]} 2. Nf3 {[%clk 0:03:04]} Nf6
{[%clk 0:03:03]} 3. c4 {[%clk 0:03:05]} c6 {[%clk 0:03:05]} 4. e3
{[%clk 0:03:06]} Bf5 {[%clk 0:03:05]} 5. Nc3 {[%clk 0:03:07]} e6 {[%clk 0:03:06]}
6. Nh4 {[%clk 0:03:08]} Be4 {[%clk 0:03:07]} 7. f3 {[%clk 0:03:06]} Bg6 8. Qb3
Qc7 {[%clk 0:03:08]} 9. Bd2 {[%clk 0:03:07]} Be7 {[%clk 0:03:09]} 10. g3
{[%clk 0:02:48]} Bh5 {[%clk 0:03:07]} 11. Be2 {[%clk 0:02:37]} dxc4
{[%clk 0:02:49]} 12. Qxc4 {[%clk 0:02:34]} Nbd7 {[%clk 0:02:48]} 13. e4
{[%clk 0:02:18]} Rd8 {[%clk 0:02:35]} 14. Be3 {[%clk 0:01:56]} O-O
{[%clk 0:02:19]} 15. Rc1 {[%clk 0:01:49]} Qb6 {[%clk 0:01:57]} 16. O-O
{[%clk 0:01:42]} Rfe8 {[%clk 0:01:29]} 17. Bf2 {[%clk 0:01:38]} Qa5
{[%clk 0:01:26]} 18. Rfd1 {[%clk 0:00:54]} e5 {[%clk 0:01:22]} 19. Nf5
{[%clk 0:00:47]} Bf8 {[%clk 0:01:22]} 20. g4 {[%clk 0:00:20]} Bg6
{[%clk 0:01:21]} 21. Qa4 {[%clk 0:00:17]} Qxa4 {[%clk 0:01:14]} 22. Nxa4
{[%clk 0:00:19]} Bxf5 {[%clk 0:01:07]} 23. gxf5 {[%clk 0:00:19]} Nh5
{[%clk 0:00:59]} 24. dxe5 {[%clk 0:00:07]} Nxe5 {[%clk 0:00:59]} 25. Be3
{[%clk 0:00:08]} Nf6 {[%clk 0:00:42]} 26. Nc3 {[%clk 0:00:08]} Ned7
{[%clk 0:00:40]} 27. Bc4 {[%clk 0:00:07]} Bc5 {[%clk 0:00:40]} 28. Bxc5
{[%clk 0:00:08]} Nxc5 {[%clk 0:00:41]} 29. Kf2 {[%clk 0:00:08]} Kf8
{[%clk 0:00:38]} 30. b4 {[%clk 0:00:07]} Ncd7 {[%clk 0:00:38]} 31. Be2
{[%clk 0:00:07]} Nb6 {[%clk 0:00:31]} 32. a4 {[%clk 0:00:08]} Nbd7
{[%clk 0:00:29]} 33. a5 {[%clk 0:00:09]} a6 {[%clk 0:00:29]} 34. Na4
{[%clk 0:00:09]} Re5 {[%clk 0:00:27]} 35. Rd2 {[%clk 0:00:08]} Ke7
{[%clk 0:00:26]} 36. Rcd1 {[%clk 0:00:10]} Rg8 {[%clk 0:00:26]} 37. Bd3
{[%clk 0:00:08]} g6 {[%clk 0:00:24]} 38. Nc3 {[%clk 0:00:08]} gxf5
{[%clk 0:00:25]} 39. exf5 {[%clk 0:00:09]} Kf8 {[%clk 0:00:20]} 40. Be4
{[%clk 0:00:08]} Re7 {[%clk 0:00:19]} 41. Bd3 {[%clk 0:00:06]} Rg5
{[%clk 0:00:19]} 42. h4 {[%clk 0:00:06]} Rh5 {[%clk 0:00:19]} 43. Kg3
{[%clk 0:00:07]} Re3 {[%clk 0:00:18]} 44. Kf4 {[%clk 0:00:08]} Re5
{[%clk 0:00:17]} 45. Kg3 {[%clk 0:00:09]} Re8 {[%clk 0:00:16]} 46. Re2
{[%clk 0:00:06]} Rd8 {[%clk 0:00:12]} 47. Bc2 {[%clk 0:00:07]} Kg7
{[%clk 0:00:12]} 48. Ne4 {[%clk 0:00:08]} Kh6 {[%clk 0:00:13]} 49. Ng5
{[%clk 0:00:09]} Rg8 {[%clk 0:00:14]} 50. f4 {[%clk 0:00:10]} Kg7
{[%clk 0:00:11]} 51. Re7 {[%clk 0:00:11]} Kh8 {[%clk 0:00:06]} 52. Kh3
{[%clk 0:00:10]} Rf8 {[%clk 0:00:05]} 53. Rdxd7 {[%clk 0:00:11]} Nxd7
{[%clk 0:00:06]} 54. Rxd7 {[%clk 0:00:12]} f6 {[%clk 0:00:07]} 55. Nf7+
{[%clk 0:00:12]} Kg7 {[%clk 0:00:08]} 56. Nd6+ {[%clk 0:00:13]} Kh8
{[%clk 0:00:08]} 57. Bd1 {[%clk 0:00:14]} Rh6 {[%clk 0:00:09]} 58. Nf7+
{[%clk 0:00:15]} 1-0